000 00542naa a2200193 a 4500
001 85416
003 BD-RjUL
005 20250803151318.0
008 250803s1946 ii ||||| |||| 00| 0 urd d
035 _a(BD-RjUL) 85416
040 _aBD-RjUL
_beng
_cBD-RjUL
041 _aurd
082 _223
_a891.21
_bDAM 1964
100 _aKali Das
_916419
245 _aمیگھ دوت ;; मेघदूत ;;meghduut /
_cکالی داس ;; Kali Das
260 _adelhi :
_bMashura book ,
_c1964
650 _aSanskrit Poetry
_915012
942 _2ddc
_cBK
999 _c85416
_d85416